000 03033cam a2200373 4500500
005 20260208003127.0
041 _afre
042 _adc
100 1 0 _aJammet, Thomas
_eauthor
700 1 0 _aGuidi, Diletta
_eauthor
245 0 0 _aObserver Les Observateurs
260 _c2017.
500 _a54
520 _aParmi les mutations en cours sur l’échiquier politique européen, l’un des phénomènes les plus marquants concerne l’essor de sites web populistes qui, prétextant une invisibilisation médiatique des opinions de la droite radicale, s’engagent dans une démarche de « réinformation » des citoyens considérés comme désinformés par des médias frappés de « bien-pensance gauchisante ». Cet article décrit l’origine et le développement de l’un de ces sites, www.lesobservateurs.ch, fondé en février 2012 en Suisse par un professeur de sociologie à la retraite. Par l’étude de ses connexions et collaborations avec les sites français de la même obédience, il met au jour un phénomène de circulation circulaire de l’information, qui contribue à l’émergence d’une réinfosphère transnationale par l’extension de l’audience des thèses populistes sur la Toile. Ce faisant, l’analyse proposée questionne empiriquement des mutations à la fois idéologiques et techniques de la communication politique, dont Internet est devenu le médium privilégié.
520 _aAmong the changes currently underway on the European political scene, one of the most noteworthy phenomena concerns the upsurge of populist websites. Under the pretext of invisibility of radical right-wing opinions in the media, these websites set out to “reinform” citizens, whom they consider to be disinformed by “left-wing politically correct thinking”. This article describes the origins and development of one of these websites, www.lesobservateurs.ch, founded in February 2012 in Switzerland by a retired sociology professor. By examining its connections and collaboration with French websites of the same persuasion, it highlights a circular circulation of information. This phenomenon is shown to contribute to the emergence of a transnational reinfo-sphere by expanding the audiences of populist arguments on the Web. The authors thus empirically scrutinize the ideological and technical changes in political communication, for which Internet has become one of the main media.
690 _adroite radicale
690 _ainfomédiation
690 _aInternet
690 _aislam
690 _apluralisme
690 _apopulisme
690 _aréinfosphère
690 _aSuisse
690 _ainfomediation
690 _aInternet
690 _aIslam
690 _apluralism
690 _apopulism
690 _aradical right
690 _areinfo-sphere
690 _aSwitzerland
786 0 _nRéseaux | 202-203 | 2 | 2017-06-28 | p. 241-271 | 0751-7971
856 4 1 _uhttps://shs.cairn.info/revue-reseaux-2017-2-page-241?lang=fr&redirect-ssocas=7080
999 _c1647217
_d1647217